000 01010cam a2200325 4500
001 3613562
003 mut
005 20240606080953.0
008 730420s1973 paua b 001 0 eng
010 _a 73006780
020 _a0397543530
040 _aDLC
_cDLC
_dDLC
050 0 0 _aRC674
_b.C75
060 _aWY156 H883c 1982
082 0 0 _a610.73/6
245 0 0 _aCritical care nursing
250 _a3rd ed.
260 _aPhiladelphia,
_bLippincott
_c[1982]
300 _axvi, 351 p.
_billus.
_c24 cm.
504 _aIncludes bibliographies.
650 0 _aIntensive care nursing.
650 2 _aIntensive care units
_xNursing texts.
650 2 _aNursing care.
700 1 _aHudak, Carolyn M.,
_eed.
700 1 _aGallo, Barbara M.,
_eed.
700 1 _aLohr, Thelma,
_eed.
700 1 _aAlfrey, Allen C.
906 _a7
_bcbc
_corignew
_d1
_eocip
_f19
_gy-gencatlg
942 _2lcc
_cBK
999 _c5274
_d5274